Geotermální energie a její využití /

Práce podává základní informace o geotermální energii, o metodách jejího vyhledávání i o současném stavu výzkumu a způsobu využití geotermálních zdrojů. Na zakladě analýzy širší geologické problematiky hodnotí konkrétní geotermální možnosti v českých zemích s přihlédnutím k zahraničním zkušenostem v...

Full description

Main Author: Hazdrová, Milena, 1933-
Language: Czech
Published: Praha : Academia, 1981
Edition: 1. vyd.
Series: Knihovna Ústředního ústavu geologického
Physical Description: 128 s. : il., mapy ; 8°
Book
Saved in:
LEADER 01536nam a22003012a 4500
001 001131104
003 CZ BrMZK
005 20110621110259.0
007 ta
008 101201s1981 xr ab er|||||||||||cze d
015 |a cnb000139625 
035 |a (OCoLC)40079460 
040 |a ABA001  |b cze  |c ABA001  |d ABA001 
080 9 |a 550.36 :620.9(437) 
100 1 |a Hazdrová, Milena,  |d 1933-  |7 jk01040463  |4 aut 
245 1 0 |a Geotermální energie a její využití /  |c Milena Hazdrová a kolektiv 
250 |a 1. vyd. 
260 |a Praha :  |b Academia,  |c 1981  |e (Gottwaldov :  |f MTZ 30) 
300 |a 128 s. :  |b il., mapy ;  |c 8° 
490 1 |a Knihovna Ústředního ústavu geologického v Praze ;  |v sv. 56 
500 |a 550 výt. 
504 |a Obsahuje bibliografii 
520 |a Práce podává základní informace o geotermální energii, o metodách jejího vyhledávání i o současném stavu výzkumu a způsobu využití geotermálních zdrojů. Na zakladě analýzy širší geologické problematiky hodnotí konkrétní geotermální možnosti v českých zemích s přihlédnutím k zahraničním zkušenostem vrtání v geotermálních oblastech podává ideový návrh sledu vrtných prací a konstrukce vrtů a kriticky hodnotí naše technické možnosti a zejména zkušenosti shydraulickým štěpením hornin 
830 0 |a Knihovna Ústředního ústavu geologického 
910 |a BOA001  |b 2-0835.235 
990 |a BK 
991 |b 201012 
996 6 |b 2619387757  |c 2-0835.235  |l MZK  |r Sklad / do 1 hodiny  |n 4  |w 001160176  |u 000010  |a 1  |e BOA001  |j MZK50  |s P